De Profundis Borealis- Ghost - Statistics

General Stats
  • This quiz has been taken 26 times
  • The average score is 118 of 150
Answer Stats
Answer % Correct
a
100%
And
100%
and
100%
In
100%
on
100%
that
100%
That
100%
the
100%
you
100%
your
100%
All
86%
but
86%
But
86%
frozen
86%
ice
86%
is
86%
Is
86%
it
86%
know
86%
morning
86%
never
86%
of
86%
out
86%
palace
86%
tears
86%
things
86%
When
86%
where
86%
back
71%
belongs
71%
blow
71%
break
71%
built
71%
chains
71%
comes,
71%
could
71%
dies
71%
Every
71%
feel
71%
frost
71%
gave
71%
glow
71%
go
71%
gone
71%
if
71%
keeping
71%
live
71%
love
71%
Put
71%
Secrets
71%
See,
71%
thaws
71%
these
71%
those,
71%
time
71%
tomorrow
71%
up
71%
will
71%
wind
71%
within
71%
Within
71%
apart
57%
between
57%
couldn't
57%
didn't
57%
heart
57%
life
57%
Life
57%
mend
57%
only
57%
peace
57%
prison
57%
reach,
57%
right
57%
rights
57%
sight
57%
songs
57%
Throwing
57%
tore
57%
walls
57%
whispering
57%
words
57%
wrongs
57%
came
43%
own
43%
slit
43%
undo
43%
place
14%
No matching quizzes found
Score Distribution
Percent of People with Each Score
Percentile by Number Answered
Your Score History
You have not taken this quiz